Statistiques concernant Les plus grandes villes de Finlande • A-Ö

Cliquez ici pour prendre le quiz!

Statistiques générales

  • Ce quiz a été pris 29 fois
  • Le résultat moyen est 8 sur 22

Statistiques - réponses

# Ville finnois % Correct
HHelsinki
96%
OOulu
75%
TTampere
67%
LLahti
63%
EEspoo
63%
JJyväskylä
58%
VVantaa
58%
KKuopio
54%
RRovaniemi
54%
MMikkeli
50%
PPori
46%
SSeinäjoki
33%
YYlöjärvi
21%
IImatra
21%
FForssa
21%
AAkaa
17%
ÅÅbo
13%
ÄÄänekoski
13%
NNurmijärvi
13%
UUusikaupunki
4%
BBrändö
0%
GGeta
0%

Distribution des résultats

Percentile by Number Answered

% des personnes avec chaque résultat

Votre développement - résultats

Vous n’avez pas pris ce quiz